100 plus grandes villes d'Amérique - Statistiques

Statistiques générales
  • Ce quiz a été pris 300 fois
  • Le résultat moyen est 62 sur 100
Statistiques - réponses
Group Hint 1 Hint 2 Réponse % Correct
Mexique #1 24 500 000 Mexico
98%
Etats-Unis #3 21 800 000 New York
96%
Etats-Unis #4 17 600 000 Los Angeles
95%
Brésil #6 13 300 000 Rio de Janeiro
95%
Argentine #5 16 600 000 Buenos Aires
93%
Pérou #7 11 100 000 Lima
93%
Brésil #2 22 600 000 São Paulo
93%
Colombie #8 9 800 000 Bogotá
92%
Brésil #30 4 050 000 Brasília
92%
Etats-Unis #18 6 350 000 Miami
92%
Etats-Unis #9 9 650 000 Chicago
91%
Etats-Unis #12 7 750 000 San Francisco
91%
Etats-Unis #13 7 700 000 Boston
90%
Cuba #64 2 225 000 La Havane
90%
Canada #27 4 325 000 Montreal
90%
Chili #11 7 800 000 Santiago
90%
Etats-Unis #10 8 550 000 Washington
90%
Bolivie #68 2 125 000 La Paz
89%
Venezuela #35 3 775 000 Caracas
88%
Canada #14 7 650 000 Toronto
88%
Panama #86 1 560 000 Panama
87%
Equateur #50 2 775 000 Quito
87%
Guatemala #43 3 200 000 Guatemala
86%
Etats-Unis #17 6 800 000 Houston
86%
Uruguay #78 1 870 000 Montevideo
86%
Etats-Unis #25 4 475 000 Seattle
86%
Etats-Unis #16 7 300 000 Dallas
85%
Etats-Unis #15 7 350 000 Philadelphie
85%
Canada #47 2 900 000 Vancouver
85%
Paraguay #57 2 375 000 Asunción
83%
Haïti #40 3 325 000 Port-au-Prince
83%
Costa Rica #57 2 375 000 San José
83%
Etats-Unis #34 3 800 000 Denver
81%
Etats-Unis #40 3 325 000 San Diego
81%
Etats-Unis #19 5 900 000 Atlanta
80%
Etats-Unis #20 5 750 000 Detroit
79%
Salvador #77 1 880 000 San Salvador
79%
Etats-Unis #60 2 300 000 Las Vegas
78%
Colombie #29 4 100 000 Medellín
76%
République dominicaine #32 4 000 000 Saint-Domingue
75%
Etats-Unis #24 4 800 000 Phoenix
72%
Etats-Unis #74 2 000 000 Austin
71%
Brésil #23 5 050 000 Belo Horizonte
70%
Mexique #22 5 550 000 Guadalajara
70%
Etats-Unis #61 2 250 000 San Antonio
70%
Nicaragua #100 1 350 000 Managua
69%
Etats-Unis #71 2 025 000 Indianapolis
68%
Etats-Unis #38 3 500 000 Orlando
68%
Etats-Unis #55 2 450 000 Portland
68%
Etats-Unis #43 3 200 000 Minneapolis
67%
Mexique #21 5 600 000 Monterrey
67%
Etats-Unis #92 1 470 000 Jacksonville
64%
Brésil #33 3 850 000 Recife
64%
Brésil #37 3 625 000 Salvador
63%
Etats-Unis #54 2 500 000 Charlotte
62%
Brésil #61 2 250 000 Manaus
62%
Etats-Unis #59 2 350 000 Saint Louis
62%
Canada #90 1 520 000 Calgary
61%
Colombie #47 2 900 000 Cali
61%
Etats-Unis #69 2 100 000 Sacramento
59%
Canada #97 1 370 000 Edmonton
58%
Brésil #28 4 150 000 Porto Alegre
58%
Etats-Unis #74 2 000 000 Kansas City
57%
Mexique #69 2 100 000 Tijuana
56%
Etats-Unis #53 2 525 000 Salt Lake City
55%
Etats-Unis #91 1 500 000 Nashville
54%
Etats-Unis #25 4 475 000 Tampa
54%
Etats-Unis #46 3 050 000 Cleveland
51%
Argentine #96 1 380 000 Rosario
51%
Brésil #36 3 725 000 Fortaleza
50%
Equateur #43 3 200 000 Guayaquil
50%
Etats-Unis #88 1 550 000 Milwaukee
47%
Brésil #61 2 250 000 Belém
46%
Argentine #84 1 680 000 Córdoba
44%
Etats-Unis #49 2 800 000 Cincinnati
41%
Brésil #39 3 450 000 Curitiba
40%
Etats-Unis #80 1 770 000 Columbus
38%
Etats-Unis #71 2 025 000 Pittsburgh
38%
Bolivie #65 2 175 000 Santa Cruz
38%
Mexique #31 4 025 000 Puebla
37%
Colombie #66 2 150 000 Barranquilla
35%
Etats-Unis #82 1 690 000 Raleigh
35%
Venezuela #51 2 675 000 Maracaibo
32%
Mexique #86 1 560 000 Ciudad Juárez
29%
Etats-Unis #76 1 920 000 San Juan
27%
Brésil #94 1 430 000 Natal
25%
Mexique #66 2 150 000 León
23%
Brésil #93 1 450 000 São Luís
23%
Etats-Unis #85 1 620 000 Virginia Beach
23%
Bolivie #99 1 360 000 Cochabamba
20%
Brésil #42 3 250 000 Campinas
19%
Mexique #52 2 550 000 Toluca
19%
Venezuela #71 2 025 000 Valencia
17%
Brésil #81 1 760 000 Santos
15%
Etats-Unis #82 1 690 000 Hartford
12%
Venezuela #94 1 430 000 Maracay
12%
Brésil #78 1 870 000 Vitória
11%
Brésil #55 2 450 000 Goiâna
10%
Mexique #89 1 540 000 Querétaro
10%
Mexique #97 1 370 000 Torreón
9%
Aucun quiz correspondant
Distribution des résultats
% des personnes avec chaque résultat
Percentile par nombre de réponses
Votre historique - résultats
Vous n’avez pas pris ce quiz